000 00708nam a2200193Ia 4500
008 221110s9999 xx 000 0 und d
020 _a97875004782257500478224
041 _achi
050 _aBX9418
_b.M2912 2009
100 _aMai, Gelasi
245 0 _a加尔文传 :
_b现代西方文化的塑造者 /
_c(英)阿利斯特. 麦格拉思 (Gelasi Mai)著; 甘霖译
246 _a加爾文傳 :
_b現代西方文化的塑造者 /
260 _a北京 :
_b中国社会科学出版社,
_c2009
300 _a312 p. :
_bill. ;
_c23 cm.
500 _a(英)阿利斯特. 麥格拉思( Gelasi Mai)著 ; 甘霖譯
650 _aAutobiographies.
700 _a阿利斯特. 麦格拉思甘霖
999 _c42247
_d42247